[Event "Championnat du Gard Poule 2"]
[Site "?"]
[Date "2012.05.17"]
[Round "1"]
[White "Jeanjean, Laurent"]
[Black "Fernandez, Clément"]
[Result "1/2-1/2"]
[WhiteElo "1944"]
[BlackElo "1749"]
[PlyCount "117"]
[EventDate "2012.05.17"]
[SourceDate "2012.05.19"]

1. d4 d5 2. c4 c6 3. cxd5 cxd5 4. Nc3 Nf6 5. Nf3 Nc6 6. Bf4 e6 7. e3 Bd6 8. Bg3
O-O 9. Rc1 Bxg3 10. hxg3 Qb6 11. a3 Bd7 12. Bd3 Rfc8 13. Ne5 Qd8 14. Bxh7+ Kf8
15. Bg6 Nxe5 16. Rh8+ Ng8 17. Bh7 Qg5 18. Rxg8+ Ke7 19. Rxc8 Rxc8 20. dxe5 Rh8
21. Bd3 d4 22. exd4 Rh1+ 23. Bf1 Bc6 24. Nb1 Bb5 25. Nd2 Qh6 26. Rc7+ Kd8 27.
Qc2 Bc6 28. Rxc6 bxc6 29. Qxc6 Qg6 30. Qe4 Qg5 31. Qc2 Qe7 32. Ne4 Qb7 33. Nd6
Qa6 34. Qc4 Qxc4 35. Nxc4 Kd7 36. Nd6 f6 37. f4 Kc6 38. Kf2 Kd5 39. Ne8 Kxd4
40. exf6 gxf6 41. Nxf6 Rh8 42. b3 e5 43. Ng4 e4 44. Ne3 a5 45. a4 Kc3 46. Bc4
Rd8 47. g4 Rd2+ 48. Ke1 Ra2 49. f5 Kd4 50. b4 Ra1+ 51. Kf2 axb4 52. f6 Rxa4 53.
f7 Ra8 54. g5 Ke5 55. Kg3 Kd4 56. Kf4 Kc3 57. g6 b3 58. Bxb3 Kxb3 59. g7
1/2-1/2

[Event "Championnat du Gard Poule 2"]
[Site "?"]
[Date "2012.05.17"]
[Round "1"]
[White "Peretti-Watel, Patrick"]
[Black "Lauret, Patrick"]
[Result "1-0"]
[WhiteElo "1842"]
[BlackElo "1774"]
[PlyCount "209"]
[EventDate "2012.05.17"]
[SourceDate "2012.05.19"]

1. Nf3 Nf6 2. c4 d6 3. g3 g6 4. Bg2 Bg7 5. Nc3 c6 6. O-O O-O 7. d3 Bg4 8. Qc2
Na6 9. Rb1 Qd7 10. Rd1 Bh3 11. Bh1 Rac8 12. b4 Ng4 13. b5 cxb5 14. Rxb5 b6 15.
a4 Nc7 16. Rb1 Qf5 17. Nb5 a6 18. Nxc7 Rxc7 19. Bb2 Bh6 20. Qc3 e5 21. Bc1 Bg7
22. e4 Qh5 23. Qd2 Bh6 24. Qe1 Rb8 25. Bxh6 Qxh6 26. Qd2 Qxd2 27. Rxd2 Nf6 28.
Rdb2 b5 29. axb5 axb5 30. Rxb5 Ra8 31. Rb8+ Rxb8 32. Rxb8+ Kg7 33. Bg2 Bd7 34.
Ne1 Ra7 35. Rb1 Ra2 36. Bf3 Bh3 37. Bg2 Bxg2 38. Nxg2 Rd2 39. Ne1 Ng4 40. f3
Ne3 41. Ra1 Kf6 42. f4 Ng4 43. fxe5+ dxe5 44. c5 Nf2 45. Ra6+ Ke7 46. Rd6 Nh3+
47. Kh1 Re2 48. Ng2 Rc2 49. Ne3 Rxc5 50. Rd5 Rc3 51. Rxe5+ Kf8 52. Kg2 Rxd3 53.
Ng4 h5 54. Nf6 Rd6 55. Nxh5 gxh5 56. Kxh3 Rg6 57. Rxh5 Re6 58. e5 Kg7 59. Rf5
Rh6+ 60. Kg2 Ra6 61. Kf3 Ra4 62. Rf4 Ra2 63. h4 Ra1 64. Kg4 Re1 65. Kf5 Re3 66.
g4 Rh3 67. h5 Ra3 68. Kg5 Ra5 69. h6+ Kg8 70. Rf5 Ra6 71. Rf6 Ra5 72. Kf5 Ra2
73. h7+ Kh8 74. Rxf7 Rf2+ 75. Kg6 Rxf7 76. e6 Rg7+ 77. Kf6 Rxg4 78. e7 Rf4+ 79.
Ke5 Rf1 80. e8=Q+ Kxh7 81. Qh5+ Kg7 82. Qg4+ Kf8 83. Qb4+ Kg7 84. Qe7+ Kg8 85.
Qg5+ Kh7 86. Qh4+ Kg7 87. Qg3+ Kf8 88. Ke6 Rf7 89. Qg5 Rf1 90. Qh6+ Kg8 91.
Qg5+ Kf8 92. Qc5+ Kg8 93. Qc3 Rf8 94. Qg3+ Kh8 95. Qh4+ Kg7 96. Qg5+ Kh8 97.
Qh6+ Kg8 98. Qg6+ Kh8 99. Qh6+ Kg8 100. Ke7 Ra8 101. Qg6+ Kh8 102. Qh5+ Kg8
103. Qg4+ Kh8 104. Qh3+ Kg8 105. Qg2+ 1-0

[Event "Championnat du Gard Poule 2"]
[Site "?"]
[Date "2012.05.17"]
[Round "1"]
[White "Fauvel, Alexandre"]
[Black "Aujoulat, Jean-Lilian"]
[Result "1/2-1/2"]
[WhiteElo "1754"]
[BlackElo "1855"]
[PlyCount "78"]
[EventDate "2012.05.17"]
[SourceDate "2012.05.19"]

1. d4 Nf6 2. c4 g6 3. Nc3 Bg7 4. e4 d6 5. f4 O-O 6. Nf3 Nbd7 7. Bd3 c5 8. d5 a6
9. O-O Ne8 10. Be3 e5 11. dxe6 fxe6 12. Qd2 Qe7 13. f5 Ne5 14. Nxe5 Bxe5 15.
fxg6 Rxf1+ 16. Rxf1 hxg6 17. Bh6 Bd7 18. Ne2 Nc7 19. Bg5 Qh7 20. h4 b6 21. Nf4
Rf8 22. b3 Bd4+ 23. Kh1 e5 24. Nh3 Rxf1+ 25. Bxf1 Qf7 26. Qe2 Bxh3 27. gxh3 Ne6
28. Bd2 Qf2 29. Qxf2 Bxf2 30. Kg2 Bxh4 31. Kf3 Bg5 32. Be1 Kg7 33. Kg4 Bd8 34.
Bd3 Nd4 35. h4 Bf6 36. Bc3 Ne6 37. Bd2 Nd4 38. Bc3 Ne6 39. Bd2 Nd4 1/2-1/2

[Event "Championnat du Gard Poule 2"]
[Site "?"]
[Date "2012.05.17"]
[Round "1"]
[White "Gaillard, Christian"]
[Black "Canonge, Jérome"]
[Result "1-0"]
[WhiteElo "1768"]
[BlackElo "1804"]
[PlyCount "77"]
[EventDate "2012.05.17"]
[SourceDate "2012.05.19"]

1. e4 d5 2. exd5 Nf6 3. d4 Bg4 4. Bb5+ Nbd7 5. f3 Bf5 6. c4 e6 7. dxe6 Bxe6 8.
Bxd7+ Qxd7 9. b3 Bb4+ 10. Kf2 Bc5 11. Ne2 O-O-O 12. Ba3 Bxa3 13. Nxa3 Qe7 14.
Nc2 g5 15. Qd2 g4 16. Qb4 Qd7 17. a4 gxf3 18. gxf3 Bf5 19. Ne3 Rhe8 20. Qa5 Bd3
21. Qxa7 c6 22. d5 Bxe2 23. Kxe2 Kc7 24. Rad1 Qd6 25. dxc6 Qxc6 26. Rxd8 Rxd8
27. Qa5+ Kc8 28. Qf5+ Kb8 29. Rd1 Re8 30. Kf2 Qb6 31. Qf4+ Ka8 32. Rd3 Re6 33.
c5 Qxc5 34. Rd8+ Ka7 35. b4 Qe7 36. Qb8+ Kb6 37. Nc4+ Kc6 38. Qc8+ Qc7 39. b5+
1-0

[Event "Championnat du Gard Poule 2"]
[Site "?"]
[Date "2012.05.17"]
[Round "2"]
[White "Aujoulat, Jean-Lilian"]
[Black "Lauret, Patrick"]
[Result "0-1"]
[WhiteElo "1855"]
[BlackElo "1774"]
[PlyCount "64"]
[EventDate "2012.05.17"]
[SourceDate "2012.05.19"]

1. Nf3 Nf6 2. g3 g6 3. Bg2 Bg7 4. d4 c6 5. O-O O-O 6. Bf4 Qb6 7. Qc1 d6 8. c3
Bg4 9. Nbd2 Nd5 10. e4 Nxf4 11. gxf4 Nd7 12. h3 Bxf3 13. Nxf3 Nf6 14. Qc2 Nh5
15. f5 Nf4 16. Ne1 e6 17. Rb1 exf5 18. exf5 Rae8 19. fxg6 hxg6 20. Bf3 Nxh3+
21. Kh2 Ng5 22. Rh1 Rxe1 23. Rhxe1 Nxf3+ 24. Kg2 Nxe1+ 25. Rxe1 Qb5 26. Re3
Qd5+ 27. Kg1 Bh6 28. Rg3 Kg7 29. b3 Re8 30. Qd1 Re4 31. f3 Rh4 32. Qe1 Qh5 0-1

[Event "Championnat du Gard Poule 2"]
[Site "?"]
[Date "2012.05.17"]
[Round "2"]
[White "Canonge, Jérome"]
[Black "Peretti-watel, Patrick"]
[Result "1-0"]
[WhiteElo "1804"]
[BlackElo "1842"]
[PlyCount "69"]
[EventDate "2012.05.17"]
[SourceDate "2012.05.19"]

1. d4 g6 2. Bg5 Bg7 3. Nf3 c5 4. e3 Qb6 5. Nc3 cxd4 6. exd4 Nc6 7. d5 Nd4 8.
Nxd4 Qxd4 9. Bd3 a6 10. O-O d6 11. Rb1 Qg4 12. Qd2 Bf6 13. Be3 Bd7 14. f4 Qh5
15. Rbe1 Bf5 16. Ne4 Bxe4 17. Bxe4 Rc8 18. h3 Bxb2 19. Qb4 Bc3 20. Qxb7 Rd8 21.
Qc6+ Kf8 22. Qxc3 Nf6 23. Bf3 Qh4 24. Bd4 Rg8 25. Bxf6 exf6 26. Qc7 Kg7 27. Re7
Rdf8 28. Qxd6 Rd8 29. Qc7 Rdf8 30. c4 g5 31. d6 g4 32. Bxg4 h5 33. Bf3 Qxf4 34.
Qc5 f5 35. Qe5+ 1-0

[Event "Championnat du Gard Poule 2"]
[Site "?"]
[Date "2012.05.17"]
[Round "2"]
[White "Fernandez, Clément"]
[Black "Gaillard, Christian"]
[Result "1/2-1/2"]
[WhiteElo "1749"]
[BlackElo "1768"]
[PlyCount "48"]
[EventDate "2012.05.17"]
[SourceDate "2012.05.19"]

1. d4 Nf6 2. Nf3 g6 3. Bg5 Bg7 4. Nbd2 d6 5. e4 O-O 6. c3 c6 7. Be2 a5 8. a4
Na6 9. O-O h6 10. Bh4 g5 11. Bg3 Nh5 12. Qc2 Nxg3 13. fxg3 e5 14. dxe5 dxe5 15.
Rad1 Qe7 16. Nc4 Be6 17. Kh1 Bxc4 18. Bxc4 Nc5 19. Qe2 Ne6 20. Ne1 Rad8 21. Nc2
Rxd1 22. Rxd1 Rd8 23. Ne3 Rxd1+ 24. Qxd1 Bf8 1/2-1/2

[Event "Championnat du Gard Poule 2"]
[Site "?"]
[Date "2012.05.17"]
[Round "2"]
[White "Fauvel, Alexandre"]
[Black "Jeanjean, Laurent"]
[Result "0-1"]
[WhiteElo "1754"]
[BlackElo "1944"]
[PlyCount "112"]
[EventDate "2012.05.17"]
[SourceDate "2012.05.19"]

1. d4 d5 2. c4 c6 3. Nc3 e6 4. e3 Nf6 5. Nf3 Nbd7 6. Bd3 dxc4 7. Bxc4 b5 8. Bd3
Bb7 9. e4 b4 10. Na4 c5 11. e5 Nd5 12. O-O cxd4 13. Nxd4 Nxe5 14. Bb5+ Nd7 15.
Re1 Rc8 16. Nxe6 fxe6 17. Rxe6+ Kf7 18. Qe2 Be7 19. Bg5 Bxg5 20. Rd6 N5f6 21.
Qe6+ Kf8 22. Bxd7 Ne8 23. Bxc8 Nxd6 24. Bxb7 Nxb7 25. Qf5+ Bf6 26. Nc5 Nxc5 27.
Qxc5+ Qe7 28. Qd5 g6 29. Qd2 Kg7 30. Re1 Qb7 31. Qe2 Rd8 32. b3 Qb6 33. h3 Qd4
34. Qb5 Qd2 35. Re2 Qd1+ 36. Kh2 Qd6+ 37. Kg1 Rd7 38. Re4 Re7 39. Qxb4 Qxb4 40.
Rxb4 Re1+ 41. Kh2 Be5+ 42. f4 Bf6 43. Rb7+ Re7 44. Rxe7+ Bxe7 45. Kg3 Kf6 46.
Kf3 Kf5 47. g4+ Ke6 48. Ke4 Bc5 49. h4 Bf2 50. f5+ gxf5+ 51. gxf5+ Kf6 52. h5
Kg5 53. a4 Kxh5 54. Kf4 Bc5 55. a5 Bd6+ 56. Ke4 Kg5 0-1

[Event "Championnat du Gard Poule 2"]
[Site "MELKOR"]
[Date "2012.05.20"]
[Round "7"]
[White "Peretti-Watel, Patrick "]
[Black "Aujoulat, Jean-Lilian"]
[Result "1/2-1/2"]
[WhiteElo "1842"]
[BlackElo "1855"]
[PlyCount "49"]
[EventDate "2012.??.??"]
[SourceDate "2012.05.19"]

1. Nf3 d5 2. c4 c6 3. g3 Nf6 4. Bg2 dxc4 5. Na3 Be6 6. Qa4 g6 7. Ng5 Qc8 8.
Nxe6 Qxe6 9. Qxc4 Qxc4 10. Nxc4 Nbd7 11. b3 Bg7 12. Bb2 O-O 13. O-O Rfd8 14. d3
Nd5 15. Bxg7 Kxg7 16. Bxd5 cxd5 17. Ne3 e6 18. Rfc1 Rdc8 19. d4 f6 20. Kf1 Kf7
21. Ke1 Ke7 22. Kd2 Kd6 23. Rxc8 Rxc8 24. Rc1 Rxc1 25. Kxc1 1/2-1/2

[Event "Championnat du Gard Poule 2"]
[Site "MELKOR"]
[Date "2012.05.19"]
[Round "6"]
[White "Gaillard, Christian "]
[Black "Peretti-Watel, Patrick"]
[Result "1/2-1/2"]
[WhiteElo "1768"]
[BlackElo "1842"]
[PlyCount "65"]
[EventDate "2012.??.??"]
[SourceDate "2012.05.19"]

1. e4 c5 2. Nc3 Nc6 3. g3 g6 4. Bg2 Bg7 5. d3 d6 6. Be3 Nf6 7. h3 O-O 8. Nge2
Rb8 9. O-O b5 10. Qd2 b4 11. Nd1 Re8 12. f4 Bb7 13. g4 Nd7 14. c3 bxc3 15. bxc3
Qa5 16. Rc1 Rec8 17. Ng3 Ba6 18. h4 Qb5 19. Nf2 Qb2 20. Rc2 Qa3 21. h5 Bb5 22.
hxg6 hxg6 23. g5 Ba4 24. Rcc1 Rb2 25. Qe1 Rxa2 26. Bh3 Rc7 27. Ng4 Rb7 28. Nh6+
Bxh6 29. gxh6 Rbb2 30. Nf5 Rh2 31. h7+ Kh8 32. Qg3 Nf6 33. Nh4 1/2-1/2

[Event "Championnat du gard Poule 2"]
[Site "MELKOR"]
[Date "2012.05.18"]
[Round "3"]
[White "Peretti-Watel, Patrick "]
[Black "Fernandez, Clément "]
[Result "1-0"]
[WhiteElo "1842"]
[BlackElo "1747"]
[PlyCount "59"]
[EventDate "2012.??.??"]
[SourceDate "2012.05.19"]

1. Nf3 d5 2. c4 c6 3. g3 Nf6 4. Bg2 e6 5. d4 Be7 6. b3 O-O 7. Qc2 Re8 8. O-O
Nbd7 9. Nc3 Bd6 10. Rd1 Qc7 11. c5 Bf8 12. Bf4 Qd8 13. e4 dxe4 14. Nxe4 Nxe4
15. Qxe4 Nf6 16. Qc2 Nd5 17. Ng5 g6 18. Qd2 Nxf4 19. Qxf4 Qe7 20. Ne4 Rd8 21.
Nf6+ Kh8 22. g4 h6 23. h4 Bg7 24. g5 h5 25. Bf3 Bd7 26. Bxh5 gxh5 27. Qf3 Bxf6
28. gxf6 Qf8 29. Qxh5+ Kg8 30. Kh1 1-0

[Event "Championnat du Gard Poule 2"]
[Site "MELKOR"]
[Date "2012.05.19"]
[Round "5"]
[White " Peretti-Watel, Patrick"]
[Black " Jeanjean, Laurent"]
[Result "1/2-1/2"]
[WhiteElo "1842"]
[BlackElo "1944"]
[PlyCount "87"]
[EventDate "2012.??.??"]
[SourceDate "2012.05.19"]

1. Nf3 d5 2. c4 c6 3. g3 Bg4 4. Bg2 Nd7 5. d3 e6 6. O-O Bd6 7. Qc2 Ngf6 8. b3
O-O 9. Bb2 e5 10. Nbd2 Rc8 11. Rfc1 Qe7 12. h3 Be6 13. c5 Bxc5 14. Nxe5 Bb6 15.
Ndf3 Nh5 16. d4 f6 17. Nd3 Bc7 18. Nc5 Nxc5 19. dxc5 Qd7 20. h4 Bf5 21. Qd2
Rce8 22. Bd4 Re7 23. e3 Be4 24. Kh2 Qg4 25. Qd1 g5 26. Kg1 Bxg3 27. fxg3 Qxg3
28. Qe1 Qg4 29. Qf2 Rg7 30. Nh2 Qxg2+ 31. Qxg2 gxh4 32. Qxg7+ Kxg7 33. Ng4 Rg8
34. Kh2 Kf7 35. Rg1 Rg6 36. Raf1 Ke6 37. Nf2 Ng3 38. Re1 Bf3 39. Nh3 Kf5 40.
Nf4 Rg5 41. Nh3 Rg6 42. Ref1 Nxf1+ 43. Rxf1 Rg2+ 44. Kh1 1/2-1/2

[Event "Championnat du Gard Poule 2"]
[Site "MELKOR"]
[Date "2012.05.18"]
[Round "4"]
[White "Fauvel, Alexandre "]
[Black "Peretti-Watel, Patrick "]
[Result "0-1"]
[WhiteElo "1754"]
[BlackElo "1842"]
[PlyCount "104"]
[EventDate "2012.??.??"]
[SourceDate "2012.05.19"]

1. d4 g6 2. c4 Bg7 3. Nc3 c5 4. d5 Bxc3+ 5. bxc3 f5 6. Nf3 Qa5 7. Bd2 Nf6 8. h4
d6 9. Ng5 h6 10. Nh3 Nbd7 11. e3 Ne5 12. Nf4 Bd7 13. Rb1 O-O-O 14. Be2 g5 15.
Qb3 Qa6 16. Nh3 Rdg8 17. f3 b6 18. Kf2 Qa4 19. Rbg1 Qa6 20. a3 Qa4 21. Rb1 Qxb3
22. Rxb3 Kc7 23. hxg5 hxg5 24. Rbb1 g4 25. Nf4 g3+ 26. Kg1 Rxh1+ 27. Kxh1 Rh8+
28. Kg1 Bc8 29. Bd3 Nxd3 30. Nxd3 Ba6 31. Nb2 Nd7 32. Re1 Ne5 33. e4 Nxc4 34.
Nxc4 Bxc4 35. exf5 Kd7 36. Bg5 Rh7 37. Bf4 Bxd5 38. Bxg3 Rh5 39. f6 exf6 40.
Bf4 c4 41. g4 Rh3 42. Rd1 Rxf3 43. Rd4 Ke6 44. Bd2 Rd3 45. Rxd3 cxd3 46. Kf2
Be4 47. Ke3 Ke5 48. Bc1 Bg6 49. c4 d5 50. cxd5 Kxd5 51. Bb2 Kc4 52. Kd2 Kb3 0-1

[Event "Championnat du Gard Poule 2"]
[Site "MELKOR"]
[Date "2012.05.18"]
[Round "3"]
[White "Jeanjean, Laurent"]
[Black "Aujoulat, Jean-Lilian"]
[Result "1/2-1/2"]
[WhiteElo "1944"]
[BlackElo "1855"]
[PlyCount "48"]
[EventDate "2012.??.??"]
[SourceDate "2012.05.19"]

1. d4 Nf6 2. c4 c6 3. Nc3 d5 4. cxd5 cxd5 5. Nf3 Nc6 6. Bf4 a6 7. Ne5 Qb6 8.
Nxc6 Qxc6 9. Rc1 e6 10. a3 Bd7 11. e4 dxe4 12. Nb5 axb5 13. Rxc6 Bxc6 14. Qb3
b4 15. Bc1 bxa3 16. bxa3 Ra5 17. Bc4 Be7 18. O-O O-O 19. Re1 Rfa8 20. Bxe6 fxe6
21. Qxe6+ Kf8 22. f3 Bd5 23. Qf5 Bc6 24. Qe6 Bd5 1/2-1/2

[Event "Championnat du Gard Poule 2"]
[Site "MELKOR"]
[Date "2012.05.18"]
[Round "3"]
[White "Gaillard, Christian"]
[Black "Fauvel, Alexandre"]
[Result "1-0"]
[WhiteElo "1768"]
[BlackElo "1754"]
[PlyCount "99"]
[EventDate "2012.??.??"]
[SourceDate "2012.05.19"]

1. e4 c5 2. Nc3 Nc6 3. g3 g6 4. Bg2 Bg7 5. d3 e6 6. Be3 Nge7 7. Bxc5 Qa5 8. d4
d6 9. Bxd6 Nxd4 10. Qd2 Qd8 11. Bf4 Bd7 12. Nf3 Nxf3+ 13. Bxf3 Qa5 14. O-O Bxc3
15. Qxc3 Qxc3 16. bxc3 Rc8 17. Be5 O-O 18. Bf6 Rfe8 19. Rfd1 Bc6 20. Rd4 h6 21.
a4 Kh7 22. h4 Ng8 23. Be5 Red8 24. Kg2 b6 25. Ra3 Rd7 26. Rxd7 Bxd7 27. Be2 Bc6
28. f3 Rd8 29. Bd3 Rd7 30. Kf2 Ne7 31. Ke2 Nc8 32. g4 Kg8 33. Bf4 Kg7 34. g5
hxg5 35. hxg5 Kf8 36. Be5 Ne7 37. Ra1 Ng8 38. Bb5 Bxb5+ 39. axb5 Ne7 40. Rh1
Ng8 41. Rd1 Ke7 42. Rxd7+ Kxd7 43. Bb8 Ne7 44. Kd3 Kc8 45. Bd6 Ng8 46. c4 Kb7
47. Kd4 a5 48. c5 bxc5+ 49. Bxc5 f6 50. f4 1-0

[Event "Championnat du Gard Poule 2"]
[Site "MELKOR"]
[Date "2012.05.18"]
[Round "4"]
[White "Fernandez, Clément"]
[Black "Lauret, Patrick"]
[Result "1/2-1/2"]
[WhiteElo "1749"]
[BlackElo "1774"]
[PlyCount "82"]
[EventDate "2012.??.??"]
[SourceDate "2012.05.19"]

1. d4 Nf6 2. Nf3 g6 3. Bg5 Bg7 4. Nbd2 c6 5. e4 d6 6. Be2 Qb6 7. O-O O-O 8. Nc4
Qc7 9. Bxf6 Bxf6 10. e5 dxe5 11. Ncxe5 Nd7 12. Ng4 Bg7 13. Qd2 Nf6 14. Nh6+ Kh8
15. Ne5 Be6 16. Qf4 Nd5 17. Nexf7+ Bxf7 18. Nxf7+ Kg8 19. Qxc7 Nxc7 20. Ne5
Rad8 21. Bc4+ Nd5 22. Rfe1 Bf6 23. Rad1 Kg7 24. c3 Rd6 25. Nd3 Nc7 26. Nc5 b6
27. Ne6+ Nxe6 28. Bxe6 Rfd8 29. g3 c5 30. d5 b5 31. a3 a5 32. Rb1 c4 33. f4 a4
34. Kg2 Rb8 35. g4 h6 36. Kg3 g5 37. Rf1 Rf8 38. Rbe1 Rdd8 39. Rd1 Rd6 40. Bf5
Rfd8 41. Be6 Rf8 1/2-1/2

[Event "Championnat du Gard Poule 2"]
[Site "MELKOR"]
[Date "2012.05.18"]
[Round "4"]
[White "Aujoulat, Jean-Lilian"]
[Black "Canonge, Jérome"]
[Result "1/2-1/2"]
[WhiteElo "1855"]
[BlackElo "1804"]
[PlyCount "85"]
[EventDate "2012.??.??"]
[SourceDate "2012.05.19"]

1. Nf3 d5 2. g3 Bg4 3. Bg2 Nf6 4. d3 Nbd7 5. Nbd2 c6 6. h3 Bxf3 7. exf3 Qc7 8.
Qe2 O-O-O 9. Nb3 e5 10. Bd2 Bd6 11. O-O-O Rhe8 12. Rhe1 Nc5 13. Nxc5 Bxc5 14.
b4 Bd6 15. Qe3 d4 16. Qg5 Nd5 17. f4 Nxb4 18. Bxb4 Bxb4 19. Rxe5 f6 20. Qf5+
Kb8 21. Rxe8 Rxe8 22. Be4 Qb6 23. Rd2 Bxd2+ 24. Kxd2 Qb4+ 25. Kc1 Qe1+ 26. Kb2
Qc3+ 27. Kb1 a5 28. Qd7 Qb4+ 29. Kc1 Re7 30. Qd8+ Ka7 31. f5 Re5 32. Kd1 Rb5
33. a3 Qc3 34. Ke2 Qxc2+ 35. Kf3 Qc5 36. Qd7 g6 37. g4 g5 38. h4 Rb2 39. hxg5
fxg5 40. f6 Qe5 41. Qf5 Qh2 42. Qxa5+ Kb8 43. Qd8+ 1/2-1/2

[Event "Championnat du Gard Poule 2"]
[Site "MELKOR"]
[Date "2012.05.18"]
[Round "4"]
[White "Jeanjean, Laurent"]
[Black "Gaillard, Christian"]
[Result "1/2-1/2"]
[WhiteElo "1944"]
[BlackElo "1768"]
[PlyCount "61"]
[EventDate "2012.??.??"]
[SourceDate "2012.05.19"]

1. d4 Nf6 2. c4 g6 3. Nc3 Bg7 4. e4 O-O 5. Be2 d6 6. Bg5 Na6 7. Qd2 Qe8 8. f3
e5 9. d5 Nd7 10. g4 Ndc5 11. h4 f5 12. gxf5 gxf5 13. h5 Kh8 14. O-O-O Bd7 15.
h6 Bf6 16. f4 Qe7 17. Bxf6+ Qxf6 18. fxe5 dxe5 19. Rf1 Nb4 20. Kb1 a5 21. Qe3
Qb6 22. Qg3 Qf6 23. Nf3 Rae8 24. Qg1 b6 25. Qg7+ Qxg7 26. hxg7+ Kxg7 27. Rfg1+
Kh8 28. Ng5 Re7 29. Rh5 fxe4 30. Ngxe4 Nxe4 31. Nxe4 1/2-1/2

[Event "Championnat du Gard Poule 2"]
[Site "MELKOR"]
[Date "2012.05.19"]
[Round "5"]
[White "Gaillard, Guy"]
[Black "Aujoulat, Jean-Lilian"]
[Result "1/2-1/2"]
[WhiteElo "1768"]
[BlackElo "1855"]
[PlyCount "50"]
[EventDate "2012.??.??"]
[SourceDate "2012.05.19"]

1. e4 e6 2. d4 d5 3. Nc3 b6 4. e5 c5 5. Bb5+ Bd7 6. Bxd7+ Qxd7 7. Nf3 Nc6 8.
Ne2 Nge7 9. c3 cxd4 10. cxd4 Na5 11. O-O Nec6 12. b3 Rc8 13. a3 Nb8 14. Qd3 a6
15. Bd2 Qb5 16. Qxb5+ axb5 17. Bxa5 bxa5 18. Ra2 h6 19. Rc1 Rxc1+ 20. Nxc1 Kd7
21. Nd3 Na6 22. b4 a4 23. Nd2 Be7 24. Rc2 Rc8 25. Rxc8 Kxc8 1/2-1/2

[Event "Championnat du Gard Poule 2"]
[Site "MELKOR"]
[Date "2012.05.19"]
[Round "5"]
[White "Lauret, Patrick"]
[Black "Fauvel, Alexandre"]
[Result "1-0"]
[WhiteElo "1774"]
[BlackElo "1754"]
[PlyCount "93"]
[EventDate "2012.??.??"]
[SourceDate "2012.05.19"]

1. e4 c5 2. Nf3 d6 3. d4 cxd4 4. Nxd4 Nf6 5. Nc3 e5 6. Nb3 Be6 7. Be3 Be7 8. f3
O-O 9. Nd2 Qc7 10. g4 Nbd7 11. h4 b5 12. a3 Nb6 13. h5 Nfd7 14. Bd3 Nc4 15.
Nxc4 bxc4 16. Be2 Rab8 17. Rb1 Qa5 18. Qd2 Nb6 19. Kf2 Kh8 20. g5 d5 21. exd5
Nxd5 22. Nxd5 Qxd2 23. Bxd2 Bxd5 24. Bc3 Bxg5 25. Bxe5 Rbd8 26. h6 f6 27. hxg7+
Kxg7 28. Rbg1 h6 29. Bc3 Kf7 30. Rd1 Rfe8 31. Bd2 f5 32. Bxg5 hxg5 33. Rh7+ Kf8
34. Rdh1 Bg8 35. Rxa7 Rd2 36. Re1 g4 37. fxg4 fxg4 38. Kg3 Rdxe2 39. Rf1+ Bf7
40. Rfxf7+ Kg8 41. Rg7+ Kh8 42. Rxg4 R8e3+ 43. Kh4 Rxc2 44. Ra6 Rh2+ 45. Kg5
Rxb2 46. Rh6+ Kg8 47. Kf4+ 1-0

[Event "Championnat du Gard Poule 2"]
[Site "MELKOR"]
[Date "2012.05.19"]
[Round "5"]
[White "Canonge, Jérome"]
[Black "Fernadez, Clément"]
[Result "1-0"]
[WhiteElo "1804"]
[BlackElo "1749"]
[PlyCount "81"]
[EventDate "2012.??.??"]
[SourceDate "2012.05.19"]

1. d4 d5 2. Bg5 h6 3. Bh4 c6 4. Nf3 Qb6 5. Nbd2 Bf5 6. e3 e6 7. b3 Nd7 8. a3
Ngf6 9. c4 c5 10. Be2 cxd4 11. Nxd4 Bh7 12. cxd5 Nxd5 13. Nc4 Qa6 14. Nb5 Be7
15. Bxe7 Kxe7 16. a4 Rhd8 17. Qd4 Kf8 18. O-O Kg8 19. Rac1 N7f6 20. Rfd1 b6 21.
Ne5 Qb7 22. Bf3 Rac8 23. Nc4 Qe7 24. Qe5 Nd7 25. Qg3 Nc5 26. Nbd6 Rc6 27. Bxd5
exd5 28. Rxd5 Ne4 29. Nf5 Bxf5 30. Rxd8+ Qxd8 31. Qf4 Bh7 32. f3 Nc5 33. Ne5
Rf6 34. Qc4 Qe7 35. Ng4 Re6 36. e4 Qd7 37. b4 Rc6 38. Ne5 Qe6 39. Nxc6 Qxc6 40.
bxc5 bxc5 41. Qxc5 1-0

[Event "Championnat du Gard Poule 2"]
[Site "MELKOR"]
[Date "2012.05.19"]
[Round "6"]
[White "Fauvel, Alexandre"]
[Black "Canonge, Jérome"]
[Result "1/2-1/2"]
[WhiteElo "1754"]
[BlackElo "1804"]
[PlyCount "78"]
[EventDate "2012.??.??"]
[SourceDate "2012.05.19"]

1. d4 Nf6 2. c4 d5 3. Nc3 g6 4. cxd5 Nxd5 5. e4 Nxc3 6. bxc3 Bg7 7. Bc4 c5 8.
Ne2 Nc6 9. Be3 Qa5 10. O-O O-O 11. Qb3 Qc7 12. Bf4 e5 13. dxe5 Na5 14. e6 Nxb3
15. exf7+ Qxf7 16. Bxf7+ Rxf7 17. axb3 Bxc3 18. Nxc3 Rxf4 19. Nd5 Rf7 20. Rfc1
Be6 21. Rxc5 b6 22. Nxb6 Rb8 23. Nd5 Rxb3 24. f3 Kg7 25. Rca5 Rbb7 26. R1a2
Rbd7 27. Kf2 Bxd5 28. exd5 Kf6 29. g3 Rb7 30. f4 Rfd7 31. Ke3 Kf5 32. Rd2 Rb4
33. d6+ Ke6 34. Re5+ Kf6 35. g4 h6 36. h4 Rb6 37. g5+ hxg5 38. hxg5+ Kf7 39.
Red5 Ke6 1/2-1/2

[Event "Championnat du Gard Poule 2"]
[Site "MELKOR"]
[Date "2012.05.19"]
[Round "6"]
[White "Aujoulat, Jean-Lilian"]
[Black "Fernandez, Clément"]
[Result "1/2-1/2"]
[WhiteElo "1855"]
[BlackElo "1747"]
[PlyCount "66"]
[EventDate "2012.??.??"]
[SourceDate "2012.05.19"]

1. Nf3 d5 2. g3 Nf6 3. Bg2 c6 4. d3 Bg4 5. Nbd2 Nbd7 6. h3 Bxf3 7. Bxf3 e6 8.
c4 dxc4 9. Nxc4 Bb4+ 10. Bd2 Bxd2+ 11. Qxd2 O-O 12. h4 Nb6 13. Nxb6 Qxb6 14. h5
h6 15. g4 Qb5 16. Rg1 Qg5 17. Qxg5 hxg5 18. Rc1 Rfd8 19. Rc4 Rd6 20. Kd2 Rad8
21. Kc3 Nd7 22. Rd4 Ne5 23. Rxd6 Rxd6 24. Be4 b5 25. e3 c5 26. f4 gxf4 27. exf4
Nc6 28. Bxc6 Rxc6 29. g5 g6 30. h6 Kh7 31. b3 Rd6 32. Re1 a5 33. Re3 Rd4
1/2-1/2

[Event "Championnat du Gard Poule 2"]
[Site "MELKOR"]
[Date "2012.05.20"]
[Round "6"]
[White "Jeanjean, Laurent"]
[Black "Lauret, Patrick"]
[Result "0-1"]
[WhiteElo "1944"]
[BlackElo "1774"]
[PlyCount "78"]
[EventDate "2012.??.??"]
[SourceDate "2012.05.19"]

1. d4 Nf6 2. c4 g6 3. Nc3 Bg7 4. e4 d6 5. Be2 O-O 6. Bg5 c5 7. d5 Qa5 8. Bd2
Qc7 9. Qc1 Nbd7 10. Bh6 Bxh6 11. Qxh6 Qa5 12. Qd2 a6 13. a4 Kg7 14. f3 b5 15.
cxb5 axb5 16. Bxb5 Ne5 17. f4 Ned7 18. Nge2 Qb4 19. Bd3 Qb6 20. Bc4 Qb4 21. b3
Nb6 22. e5 dxe5 23. fxe5 Ng4 24. Qf4 Nxc4 25. bxc4 Bf5 26. h3 Nh6 27. O-O Bd3
28. d6 Qxc4 29. dxe7 Rfe8 30. Qf6+ Kg8 31. Rf4 Qe6 32. Rh4 Nf5 33. Nf4 Qxe7 34.
Nxd3 Nxh4 35. Nd5 Qb7 36. N3f4 Nf5 37. Rf1 Rxa4 38. Rf3 Ra1+ 39. Kh2 Qb1 0-1

[Event "Championnat du Gard Poule 2"]
[Site "MELKOR"]
[Date "2012.05.20"]
[Round "7"]
[White "Lauret, Patrick"]
[Black "Gaillard, Christian"]
[Result "1/2-1/2"]
[WhiteElo "1768"]
[BlackElo "1774"]
[PlyCount "68"]
[EventDate "2012.??.??"]
[SourceDate "2012.05.19"]

1. e4 e5 2. Nf3 Nc6 3. Bb5 a6 4. Bxc6 dxc6 5. O-O Bg4 6. h3 h5 7. d3 Qf6 8. c3
Bxf3 9. Qxf3 Qxf3 10. gxf3 O-O-O 11. Rd1 c5 12. c4 Ne7 13. Na3 Ng6 14. Kf1 Be7
15. Be3 b6 16. Nb1 Bf6 17. Nc3 Rd7 18. a4 a5 19. Ra3 c6 20. Rb3 Bd8 21. Ne2 h4
22. f4 f6 23. f5 Nf8 24. f4 Rb7 25. Ng1 exf4 26. Bxf4 g5 27. Bd6 Bc7 28. Bxc7
Kxc7 29. Rd2 Nd7 30. Nf3 Re8 31. Re2 Ne5 32. Nxe5 Rxe5 33. Rg2 Rb8 34. Kf2 b5
1/2-1/2